000 00274nam a2200109Ia 4500
008 220204s9999 xx 000 0 und d
082 _a577.15
_bWEB.13
100 _aWEBER, G
245 0 _aAdvances in enzyme regulation. V 13
260 _aOxford
_bPergamon
_c1975
942 _cBK
999 _c24614
_d24614